000 00446nam a2200157Ia 4500
005 20240404075302.0
008 240331s9999 xx 000 0 und d
020 _a9558610003
082 _bWAN
_a331
100 _aWanasundera, L
245 0 _aMigrant women domestic workers :
_bCyprus, Greece and Italy
_cLeelangi, Wanasundera.
260 _aColombo :
_bCenter for Women's Research /.
_c2001
300 _a232 p .,
650 _aWomen
942 _cL
999 _c2610
_d2610